| 000 | 00550nam a2200193 a 4500 | ||
|---|---|---|---|
| 005 | 20240209063638.0 | ||
| 008 | 081109s1986 mx r 000 0 spa d | ||
| 020 | _a9684440529 | ||
| 035 | _aUPN01000166388 | ||
| 049 | _aCG | ||
| 050 | 4 |
_aT65 _bC6.6 |
|
| 100 | 1 |
_aContreras Estrada, Angel _938242 |
|
| 245 | 1 | 1 |
_a¿Qué es la educación tecnológica? / _cAngel Contreras Estrada. |
| 260 |
_aMéxico : _bAlhambra Mexicana, _c1986. |
||
| 300 |
_a103 p. : _bil. |
||
| 440 | 0 | _aEducación | |
| 650 | 4 |
_aEducación tecnológica _94854 |
|
| 905 | _aLibro | ||
| 999 |
_c138499 _d138499 |
||